Standards of value (Record no. 114988)
[ view plain ]
| 000 -LEADER | |
|---|---|
| fixed length control field | 00707cam a22002415a 4500 |
| 001 - CONTROL NUMBER | |
| control field | L157827 |
| 008 - FIXED-LENGTH DATA ELEMENTS--GENERAL INFORMATION | |
| fixed length control field | 130530s2013 xxk f 000 0 eng d |
| 020 ## - INTERNATIONAL STANDARD BOOK NUMBER | |
| International Standard Book Number | 9781118138533 |
| 035 ## - SYSTEM CONTROL NUMBER | |
| System control number | (Sirsi) u157827 |
| 041 0# - LANGUAGE CODE | |
| Language code of text/sound track or separate title | eng |
| 050 04 - LIBRARY OF CONGRESS CALL NUMBER | |
| Classification number | 333.332 |
| 100 1# - MAIN ENTRY--PERSONAL NAME | |
| Personal name | Fishman, Jay |
| 245 00 - TITLE STATEMENT | |
| Title | Standards of value |
| Remainder of title | Theory and applications |
| 250 ## - EDITION STATEMENT | |
| Edition statement | 2nd ed |
| 260 ## - PUBLICATION, DISTRIBUTION, ETC. | |
| Place of publication, distribution, etc. | Hoboken |
| Name of publisher, distributor, etc. | Wiley |
| Date of publication, distribution, etc. | 2013 |
| 520 ## - SUMMARY, ETC. | |
| Summary, etc. | Considers standards of value focusing on the principles of investment value, fair value and fair market value used in valuation applications. |
| 590 ## - LOCAL NOTE (RLIN) | |
| Local note | KA |
| 651 #4 - SUBJECT ADDED ENTRY--GEOGRAPHIC NAME | |
| Geographic name | United States |
| 690 ## - LOCAL SUBJECT ADDED ENTRY--TOPICAL TERM (OCLC, RLIN) | |
| Topical term or geographic name as entry element | Valuation |
| 9 (RLIN) | 6273 |
| 700 1# - ADDED ENTRY--PERSONAL NAME | |
| Personal name | Pratt, Shannon |
| 700 1# - ADDED ENTRY--PERSONAL NAME | |
| Personal name | Morrison, William |
| 942 ## - ADDED ENTRY ELEMENTS (KOHA) | |
| Suppress in OPAC | 0 |
| Withdrawn status | Lost status | Source of classification or shelving scheme | Damaged status | Not for loan | Home library | Current library | Shelving location | Date acquired | Total Checkouts | Full call number | Barcode | Date last seen | Date last checked out | Copy number | Price effective from | Koha item type |
|---|---|---|---|---|---|---|---|---|---|---|---|---|---|---|---|---|
| Dewey Decimal Classification | London | London | Books | 30/05/2013 | 1 | 333.332 | 30078257 | 06/08/2019 | 30/05/2013 | 1 | 06/08/2019 | Book |